Pozůstalost JUDr. Václava Kounice ve sbírkách zámku Slavkov-Austerlitz

Titel: Pozůstalost JUDr. Václava Kounice ve sbírkách zámku Slavkov-Austerlitz
Verfasser:
In: JUDr. Václav Kounic a jeho doba, (2009), Seite 135-145
alle Artikel anzeigen
Veröffentlicht: 2009
Format: Aufsatz
Sprache: Tschechisch
Kein Bild verfügbar
X
alg: 39340560
001A    $01999:12-11-16 
001B    $01999:28-04-17 $t15:50:14.000 
001D    $01999:12-11-16 
001U    $0utf8 
001X    $00 
002@    $0Aox 
003@    $0393405605 
007A    $0393405605 $aHEB 
007T    $0Herdpp153493 
010@    $acze 
011@    $a2009 
021A    $aPozůstalost JUDr. Václava Kounice ve sbírkách zámku Slavkov-Austerlitz 
028A    $aZichová $dVladimíra 
031A    $h135-145 $j2009 
037A    $aRés. něm. s. 144-145: Die Hinterlassenschaft des JUDr. Wenzel Kaunitz in den Sammlungen des Schlosses Alavkov-Austerlitz 
039B    $aIn $8--Aau--. JUDr. Václav Kounic a jeho doba. - Vyd. 1.. - Brno : Matice Moravská {[u.a.], 2009. - 359, XLVIII S.. - Ill.. - ISBN 978-80-86488-61-5 $x200900000000000865 $9245963596 

lok: 39340560 78

exp: 39340560 78 1 #EPN
201B/01 $026-11-17 $t03:17:16.000 
201U/01 $0utf8 
203@/01 $0789516020 
208@/01 $a12-11-16 $be 
209A/01 $a/ $f000 $x00 
220C/01 $aHerkunft: Hú Av Čr Praha 
244Z/01 $#Tschechien $#Tschechische Republik $#Tschechische Republik $#Tschechenland $#Tschechei Tschechien $#Česká Republika $#Czech Republic $#ČR $74303381-7 $8--Tg1--Tschechien $x01 $9086659812 
244Z/01 $2Trx $#Böhmen $#Bohemia $#Czechy $8--Trx--Čechy $x02 $9391188941 
244Z/01 $aSlavkov u Brna zám. o.Vyškov $x03 
244Z/01 $aGeschichte 1848-1913 $x04 
244Z/01 $2Trx $#Kounic, Václav Robert $8--Trx--Kaunitz, Wenzel Robert von$Z1848-1913 $x05 $9390856223 
244Z/01 $2Trx $#poliitikud $#politikai $#politicians $#politikus $#politycy $#politici $#politici $#Staatsmänner $#štátnici $#státníci $8--Trx--Politiker $x06 $9391382128 
244Z/01 $2Trx $#pärand, vara $#palikimai $#Estates, inheritances $#hagyatékok $#spuścizny $#pozostalosti $#pozůstalosti $8--Trx--Nachlässe $x07 $9391370243 
244Z/01 $2Trx $8--Trx--Einzelbeiträge $x08 $9391384570 
247C/01 $82080>Marburg/Lahn, Herder-Institut, Forschungsbibliothek, Bibliographieportal $9336309341
LEADER 00000caa a22000002c 4500
001 393405605
003 DE-603
005 20170428155014.0
007 tu
008 161112s2009 xx |||| | u00||u|cze c
035 |a (DE-599)HEB393405605 
040 |a DE-603  |b ger  |c DE-603  |d DE-603 
041 |a cze 
100 1 |a Zichová, Vladimíra 
245 0 0 |a Pozůstalost JUDr. Václava Kounice ve sbírkách zámku Slavkov-Austerlitz 
264 0 |c 2009 
500 |a Rés. něm. s. 144-145: Die Hinterlassenschaft des JUDr. Wenzel Kaunitz in den Sammlungen des Schlosses Alavkov-Austerlitz 
773 0 8 |i In  |t JUDr. Václav Kounic a jeho doba  |b Vyd. 1.  |d Brno : Matice Moravská ˜[u.a.], œ2009  |h 359, XLVIII S., Ill.  |z 9788086488615  |z 8086488616  |g (2009), Seite 135-145  |w (DE-603)245963596 
924 0 |9 2080  |a (DE-603)789516020  |b DE-2080  |c HES  |d d  |g /